Ekonómia reálnych a virtuálnych hospodárstiev

Pojem virtuálne hospodárstvo. Ekonómia virtuálnej ekonomiky. Pôvod evolučnej dynamiky hospodárstva.

Saved in:
Bibliographic Details
Main Author: Andrášik, Ladislav
Format: Book Chapter
Language:Slovak
Subjects:
Tags: Add Tag
No Tags, Be the first to tag this record!

MARC

LEADER 00000naa a2200000 4500
001 0175239
005 20240502073004.6
041 0 |a slo 
044 |a SK 
245 1 0 |a Ekonómia reálnych a virtuálnych hospodárstiev  |c Ladislav Andrášik 
520 |a Pojem virtuálne hospodárstvo. Ekonómia virtuálnej ekonomiky. Pôvod evolučnej dynamiky hospodárstva. 
610 2 0 |a ekonomika nová 
610 2 0 |a ekonomika vedomostná 
610 2 0 |a teórie ekonomické 
610 2 0 |a technológie informačné 
610 2 0 |a technológie komunikačné 
610 2 0 |a technológie znalostné 
100 1 |a Andrášik, Ladislav